000
00274nam a2200097Ia 4500
001
1226949
005
20250827093014.0
008
250824s9999 xx 000 0 und d
245
0
_a
BEN BÜYÜYÜNCE
_c
GÜLTEN DAYIOĞLU
260
_b
ALTIN KİTAPLAR YAYINLARI
999
_c
1226949
_d
1226949